[Event "IECC Swiss email"]
[Site "IECC email"]
[Date "2003.02.07"]
[Round "?"]
[White "Humen, John F"]
[Black "Barnett, Dan"]
[Result "1-0"]
[WhiteElo "1935"]
[BlackElo "1469"]
[PlyCount "33"]
[EventDate "2003.??.??"]
[EventType "tourn (corr)"]
[EventRounds "6"]
[SourceTitle "Corr 2008"]
[Source "ChessBase"]
[SourceDate "2008.06.24"]
[SourceVersion "1"]
[SourceVersionDate "2008.06.24"]
[SourceQuality "1"]

1. d4 Nf6 2. c4 e6 3. Nf3 d5 4. Nc3 dxc4 5. e3 Bb4 6. Bxc4 Nc6 7. Qc2 0-0 8. 0-0 Bxc3 9. Qxc3 a6 10. a4 Ne7 11. Rd1 Ned5 12. Qc2 b5 13. axb5 Bb7 14. bxa6 Nb4 15. Qb3 Bxf3 16. gxf3 Nc6 17. Bxe6 1-0

[Event "IECC Swiss email"]
[Site "IECC email"]
[Date "2002.10.22"]
[Round "?"]
[White "Barnett, Dan"]
[Black "Monteiro da Silva, Jorge Alexandrino"]
[Result "0-1"]
[WhiteElo "1472"]
[BlackElo "2028"]
[PlyCount "30"]
[EventDate "2002.??.??"]
[EventType "tourn (corr)"]
[EventRounds "6"]
[SourceTitle "Corr 2008"]
[Source "ChessBase"]
[SourceDate "2008.06.24"]
[SourceVersion "1"]
[SourceVersionDate "2008.06.24"]
[SourceQuality "1"]

1. d4 Nf6 2. c4 e6 3. Nc3 Bb4 4. Bg5 h6 5. Bxf6 Qxf6 6. Rc1 0-0 7. Nf3 d6 8. e3 e5 9. Be2 e4 10. Nd2 Qg6 11. g3 Bxc3 12. Rxc3 Bh3 13. Qc2 c5 14. dxc5 dxc5 15. Nxe4 Bg2 0-1